• 首页
  • 本馆介绍
  • 公告通知
  • 最新文献
  • 馆藏检索
  • 电子资源
  • 读者导购
  • 参考咨询
  • 我的图书馆
  • 登录
  • 详细信息显示
  • 放入我的书架
  • 预约/预借图书
  • 作者相关作品
  • 分类相关作品
  • 丛书相关作品
  • 出版社相关作品

书目信息

  • 表格格式
  • 工作单格式
  • 卡片格式
题名:
自闭症儿童教育学
    
 
作者: 卡维斯基 著 ;贺芸中 译
分册:  
出版信息: 上海   华东师范大学出版社  2019.03
页数: 243页
开本: 24cm
丛书名:
单 册:
中图分类: G766
科图分类:
主题词: 孤独症--儿童--教育--特殊教育--教学研究
电子资源:
ISBN: 978-7-5675-8725-0
000 01413nam0 2200277 450
001 0103152700
005 20201103152732.0
010    @a978-7-5675-8725-0@dCNY48.00
100    @a20190612d2019 em y0chiy50 ea
101 1  @achi@ceng
102    @aCN@b310000
105    @ay z 000yy
106    @ar
200 1  @a自闭症儿童教育学@Azi bi zheng er tong jiao yu xue@e普通班级青春期自闭症学生教学策略@f沃特·卡维斯基(Walter Kaweski)著@g贺芸中译
210    @a上海@c华东师范大学出版社@d2019.03
215    @a243页@d24cm
312    @a封底英文题名:Teaching adolescents with autism practical strategies for the inclusive classroom
330    @a本书阐述了普通班级青春期自闭症学生在学校生活中遇到的种种问题,更重要的是立足循证实践,引用最新自闭症、融合教育、学习理论、课程与教学论、人际沟通与交往的研究成果,探讨了教师如何整合学校教育环境中的所有有效资源,运用何种教学策略,提供怎样的社会支持,促进青春期自闭症学生成功地参与普通学校的教育生活。
510 1  @aTeaching adolescents with autism practical strategies for the inclusive classroom@zeng
517 1  @a普通班级青春期自闭症学生教学策略@Apu tong ban ji qing chun qi zi bi zheng xue sheng jiao xue ce lue
606 0  @a孤独症@x儿童@x教育@x特殊教育@x教学研究
690    @aG766@v5
701  1 @c(美)@a卡维斯基@Aka wei si ji@c(Kaweski, Walter)@4著
702  0 @a贺芸中@Ahe yun zhong@c(女)@4译
801  0 @aCN@bBJSZM@c20201103
905    @b1257756-60@dG766@e153@f5
    
    自闭症儿童教育学:普通班级青春期自闭症学生教学策略/沃特·卡维斯基(Walter Kaweski)著/贺芸中译.-上海:华东师范大学出版社,2019.03
    243页;24cm
    
    
    ISBN 978-7-5675-8725-0:CNY48.00
    本书阐述了普通班级青春期自闭症学生在学校生活中遇到的种种问题,更重要的是立足循证实践,引用最新自闭症、融合教育、学习理论、课程与教学论、人际沟通与交往的研究成果,探讨了教师如何整合学校教育环境中的所有有效资源,运用何种教学策略,提供怎样的社会支持,促进青春期自闭症学生成功地参与普通学校的教育生活。
●
相关链接 在E读中查询图书 在五车中查询图书 在当当中查询图书 在豆瓣中查询图书


正题名:自闭症儿童教育学     索取号:G766/153         预约/预借

序号 登录号 条形码 馆藏地/架位号 状态 备注
1 1257756   212577567   第一样本阅览室/ [索取号:G766/153] 在馆    
2 1257757   212577576   教育系资料室/ [索取号:G766/153] 在馆    
3 1257758   212577585   教育系资料室/ [索取号:G766/153] 在馆    
4 1257759   212577594   第四借阅区/ [索取号:G766/153] 在馆    
5 1257760   212577601   第四借阅区/ [索取号:G766/153] 在馆    
唐山师范学院图书馆 欢迎您!
大连网信软件有限公司© 版权所有